Адмирал Нельсон (Запис № 306582)

МАРК-запис
000 -LEADER
fixed length control field 00557nam a22002417a 4500
001 - CONTROL NUMBER
control field 20405
003 - CONTROL NUMBER IDENTIFIER
control field UA-OsUOA
005 - DATE AND TIME OF LATEST TRANSACTION
control field 20210113224342.0
007 - PHYSICAL DESCRIPTION FIXED FIELD--GENERAL INFORMATION
fixed length control field ta
008 - FIXED-LENGTH DATA ELEMENTS--GENERAL INFORMATION
fixed length control field 20031028b un ||||| |||| 00| 0 ukr d
040 ## - CATALOGING SOURCE
Original cataloging agency UA-OsUOA
Language of cataloging rus
Transcribing agency UA-OsUOA
Modifying agency UA-OsUOA
041 ## - LANGUAGE CODE
Language code of text/sound track or separate title rus
044 ## - COUNTRY OF PUBLISHING/PRODUCING ENTITY CODE
MARC country code RU
080 ## - UNIVERSAL DECIMAL CLASSIFICATION NUMBER
Universal Decimal Classification number 91 (091)
090 ## - LOCALLY ASSIGNED LC-TYPE CALL NUMBER (OCLC); LOCAL CALL NUMBER (OCLC)
Classification number (OCLC) (R) ; Classification number, CALL (RLIN) (NR) 91 (091)
Local cutter number (OCLC) ; Book number/undivided call number, CALL (RLIN) Т80
100 ## - MAIN ENTRY--PERSONAL NAME
Personal name Трухановский В.Г.
245 ## - TITLE STATEMENT
Title Адмирал Нельсон
260 ## - PUBLICATION, DISTRIBUTION, ETC. (IMPRINT)
Place of publication, distribution, etc Москва
Name of publisher, distributor, etc Наука
Date of publication, distribution, etc 1980
300 ## - PHYSICAL DESCRIPTION
Extent 181 с.
650 #7 - SUBJECT ADDED ENTRY--TOPICAL TERM
Source of heading or term UDC
942 ## - ADDED ENTRY ELEMENTS (KOHA)
Koha item type Книги
955 ## - COPY-LEVEL INFORMATION (RLIN)
Classification number, CCAL (RLIN) інше
Фонди
Withdrawn status Lost status Source of classification or shelving scheme Damaged status Not for loan Home library Current library Date acquired Inventory number Total Checkouts Full call number Barcode Date last seen Price effective from Koha item type Cost, normal purchase price
    Universal Decimal Classification     АБ - Абонемент НБ АБ - Абонемент НБ 28/10/2003 32359   91 (091) Т80 32359 17/05/2022 28/10/2003 Книги  
    Universal Decimal Classification     ЧЗ - Читальна зала ЧЗ - Читальна зала 09/11/2004 72602   929:355(410) Т80 72602 07/02/2022 09/11/2004 Книги 1.00